000 00435nam a22001697a 4500
003 BD-ChCU
005 20260114131914.0
008 260114b bg ||||| |||| 00| 0 ben d
040 _cBD-ChCU
082 _a331 SUL
100 _aSultan Paul.
_919241
245 _aLabour economics.//
_cPaul Sultan.
260 _aNew York
_bHolt.
_c1957
300 _axii, 580p
650 0 _aLabour and Labouring Class.
_919242
942 _2ddc
_cBK
_n0
999 _c111042
_d111042